Normal view
MARC view
- Siddiqui, Mazheruddin
Entry Personal Name
001 - CONTROL NUMBER
- control field: 71943
003 - CONTROL NUMBER IDENTIFIER
- control field: NUST
005 - DATE AND TIME OF LATEST TRANSACTION
- control field: 20210628204721.0
008 - FIXED-LENGTH DATA ELEMENTS
- fixed length control field: 210628|| aca||aabn | a|a d
040 ## - CATALOGING SOURCE
- Original cataloging agency: NUST
- Transcribing agency: NUST
100 ## - HEADING--PERSONAL NAME
- Personal name: Siddiqui, Mazheruddin
670 ## - SOURCE DATA FOUND
- Source citation: Work cat.: (NUST): Siddiqui, Mazheruddin, The quranic concept of history , 1993
